Animals: complete the word (2) - Statistics

General Stats
  • This quiz has been taken 103 times
  • The average score is 11 of 20
Answer Stats
Hint Answer % Correct
Cat erpillar
81%
R accoon
78%
B at
77%
Col ossal squid
77%
Poison dart frog
75%
Mountain gorilla
74%
Beet le
74%
Cr ow
70%
Pter osaur
64%
Cock atiel
60%
Dog fish
56%
H uman
51%
Quah og
47%
Coll ie
45%
Din go
32%
Bull shark
32%
Fr igatebird
22%
G oral
18%
C rane
16%
D rum
10%
No matching quizzes found
Score Distribution
Percent of People with Each Score
Percentile by Number Answered
Your Score History
You have not taken this quiz